Statistics for The 15 biggest cities of Moldova

Click here to take the quiz!

General Stats

  • This quiz has been taken 17 times
  • The average score is 7 of 15

Answer Stats

HintAnswer% Correct
1stChisinau
100%
3rdBalti
77%
2ndTiraspol
77%
11thComrat
62%
6thCahul
54%
9thOrhei
54%
12thEdinet
46%
8thSoroca
46%
5thRibnita
38%
4thTighina
38%
7thUngheni
38%
13thCauseni
15%
15thStraseni
15%
14thCeadir Lunga
8%
10thDubasari
8%

Score Distribution

Percentile by Number Answered

Percent of People with Each Score

Your Score History

You have not taken this quiz